000 02181cam a2200325 i 4500
999 _c2940
_d2940
001 20361455
003 OSt
005 20230913081930.0
008 180215s2018 nyua b 001 0 eng
010 _a 2018007768
020 _a9780815361046
040 _aDLC
_beng
_cDLC
_erda
_dDLC
_dKH8
042 _apcc
082 0 0 _a792.02 MER
_223
100 1 _aMerlin, Bella,
_eauthor.
245 1 0 _aKonstantin Stanislavsky /
_cBella Merlin.
250 _aSecond edition.
264 1 _aLondon ;
_aNew York :
_bRoutledge,
_c2018.
300 _axvi, 195 pages :
_billustrations ;
_c21 cm.
336 _atext
_btxt
_2rdacontent
337 _aunmediated
_bn
_2rdamedia
338 _avolume
_bnc
_2rdacarrier
490 0 _aRoutledge performance practitioners
504 _aIncludes bibliographical references (pages 183-187) and index.
505 2 _aI: BIOGRAPHY IN SOCIAL AND ARTISTIC CONTEXT -- 2: SUMMARY AND ANALYSIS OF AN ACTOR PREPARES -- 3: DESCRIPTION AND ANALYSIS OF THE SEAGULL -- 4: PRACTICAL EXERCISES.
520 _a"Routledge Performance Practitioners is a series of introductory guides to the key theatre-makers of the last century. Each volume explains the background to and the work of one of the major influences on twentieth- and twenty-first-century performance. These compact, well-illustrated and clearly written books will unravel the contribution of modern theatre's most charismatic innovators. This significantly revised second edition combines: - an overview of Stanislavsky's life and work, including recent discoveries - an assessment of his widely read text, An Actor Prepares (1936) with comparisons to Benedetti's 2008 translation, An Actor's Work - detailed commentary of the key 1898 production of The Seagull - an indispensable set of practical exercises for actors, teachers and directors. As a first step towards critical understanding, and as an initial exploration before going on to further, primary research, Routledge Performance Practitioners are unbeatable value for today's student." --
_cProvided by publisher
600 1 0 _aStanislavsky, Konstantin,
_d1863-1938
_xCriticism and interpretation.
650 0 _aMethod acting.
942 _2ddc
_cTR